[Event "Bad Woerishofen op"]
[Site "?"]
[Date "2003.??.??"]
[Round "9"]
[White "Wiest, Georg"]
[Black "Hornung, Hans"]
[Result "1-0"]
[WhiteElo "2084"]
[BlackElo "2189"]
[Annotator "ChessOrg"]
[PlyCount "69"]

1. e4 c5 2. Nf3 e6 3. d3 d5 4. Nbd2 Nc6 5. g3 Nf6 6. Bg2 Be7 7. O-O h6 8. Re1
a5 9. a4 Qd7 10. exd5 exd5 11. d4 O-O 12. dxc5 Bxc5 13. Nb3 Bb6 14. c3 Qg4 15.
Be3 Bxe3 16. Rxe3 Qh5 17. Ne5 Ng4 18. Nxg4 Bxg4 19. Qxd5 Qg6 20. Qb5 Qc2 21.
Nd4 Nxd4 22. cxd4 Rfd8 23. d5 Bd7 24. Qb6 Rdc8 25. d6 Ra6 26. Qd4 Rc4 27. Qe5
Rxa4 28. Rae1 Rb6 29. R3e2 Qg6 30. Rd1 Rxd6 31. Rxd6 Ra1+ 32. Bf1 Bh3 33. Rd8+
Kh7 34. Re1 Qb1 35. Rxb1 1-0

[Event "Bad Woerishofen op"]
[Site "?"]
[Date "2003.??.??"]
[Round "9"]
[White "Mahrla, Hans"]
[Black "Stojadinovic, Tomislav"]
[Result "0-1"]
[WhiteElo "1479"]
[BlackElo "1780"]
[Annotator "ChessOrg"]
[PlyCount "42"]

1. e4 e5 2. Nf3 Nc6 3. d4 exd4 4. Nxd4 Qh4 5. Nc3 Bb4 6. Ndb5 Ba5 7. g3 Qxe4+
8. Qe2 Qxe2+ 9. Bxe2 a6 10. Na3 b5 11. Nab1 Nd4 12. Bd1 Bb7 13. O-O O-O-O 14.
Re1 Bf3 15. Bxf3 Nxf3+ 16. Kf1 Nxe1 17. Kxe1 h5 18. a3 h4 19. b4 hxg3 20. hxg3
Bb6 21. Bb2 Rh2 0-1

[Event "Bad Woerishofen op"]
[Site "?"]
[Date "2003.??.??"]
[Round "9"]
[White "Engl, Heinz"]
[Black "Simonsen, Hans"]
[Result "1/2-1/2"]
[WhiteElo "2125"]
[BlackElo "2213"]
[Annotator "ChessOrg"]
[PlyCount "65"]

1. e4 e6 2. d4 d5 3. Nc3 Nf6 4. Bg5 Be7 5. Bxf6 Bxf6 6. e5 Be7 7. Qg4 g6 8. h4
h5 9. Qg3 b6 10. O-O-O Ba6 11. Nf3 Bxf1 12. Rhxf1 Qd7 13. Ng5 Nc6 14. Ne2 Bxg5+
15. Qxg5 Qe7 16. Qf4 O-O-O 17. Rd3 Kb7 18. Rf3 Rd7 19. Rd1 a5 20. Ng1 Rc8 21.
Nh3 Nd8 22. Rdd3 c6 23. Ng5 Qb4 24. Qd2 Qxd2+ 25. Kxd2 c5 26. dxc5 bxc5 27. c4
Kc6 28. cxd5+ exd5 29. Rf6+ Kb5 30. Rb3+ Kc4 31. Rc3+ Kb5 32. Rb3+ Kc4 33. Rc3+
1/2-1/2

[Event "Bad Woerishofen op"]
[Site "?"]
[Date "2003.??.??"]
[Round "9"]
[White "Klaus, Daniel"]
[Black "Pohlers, Juergen"]
[Result "1/2-1/2"]
[WhiteElo "2033"]
[BlackElo "2144"]
[Annotator "ChessOrg"]
[PlyCount "107"]

1. e4 c5 2. Nf3 Nc6 3. d4 cxd4 4. Nxd4 e5 5. Nb5 d6 6. N1c3 a6 7. Na3 b5 8. Nd5
Rb8 9. c4 b4 10. Nc2 Be7 11. Bd3 Nf6 12. Nce3 O-O 13. O-O Bd7 14. b3 Nd4 15.
Bb2 Nxd5 16. Nxd5 Ne6 17. Bc2 Bc6 18. Qd3 g6 19. Nxe7+ Qxe7 20. Rad1 Rbd8 21.
Bc1 Nc5 22. Qe2 Ne6 23. Bh6 Rfe8 24. Qd2 a5 25. Rfe1 Qh4 26. Be3 Rd7 27. f3 Rb8
28. Qf2 Qxf2+ 29. Kxf2 f6 30. Rd2 Kf7 31. Red1 Ke7 32. Ke2 g5 33. Kf2 h5 34.
Bd3 Nc5 35. Be2 Rbd8 36. Bxc5 dxc5 37. Rxd7+ Rxd7 38. Rxd7+ Bxd7 39. Bd3 Kf7
40. Ke3 Kg6 41. Bc2 g4 42. f4 Kh6 43. fxe5 fxe5 44. g3 Kg5 45. Bd3 Kf6 46. Bc2
Ke7 47. Bd1 Kd6 48. Bc2 Be8 49. Bd3 a4 50. Kd2 Kc6 51. Kc2 Kb6 52. Kb2 Ka5 53.
Kc2 Bd7 54. Kb2 1/2-1/2

[Event "Bad Woerishofen op"]
[Site "?"]
[Date "2003.??.??"]
[Round "9"]
[White "Neumann, Peter"]
[Black "Lindenmair, Anton"]
[Result "0-1"]
[WhiteElo "2026"]
[BlackElo "2132"]
[Annotator "ChessOrg"]
[PlyCount "34"]

1. e4 e5 2. Bc4 Nf6 3. Nc3 Nc6 4. Nge2 Bc5 5. O-O d6 6. Na4 Nxe4 7. d3 Nf6 8.
Nxc5 dxc5 9. f4 O-O 10. Qe1 Nd4 11. fxe5 Ng4 12. Nf4 Nxc2 13. Qg3 Qd4+ 14. Kh1
Nxa1 15. Bd2 Qxb2 16. Qh4 Qxd2 17. Nd5 Qh6 0-1

[Event "Bad Woerishofen op"]
[Site "?"]
[Date "2003.??.??"]
[Round "9"]
[White "Santl, Anton"]
[Black "Schellmann, Frank"]
[Result "1/2-1/2"]
[WhiteElo "2180"]
[BlackElo "2115"]
[Annotator "ChessOrg"]
[PlyCount "56"]

1. Nf3 f5 2. d4 Nf6 3. g3 g6 4. Bg2 Bg7 5. O-O O-O 6. c4 d6 7. Nc3 Qe8 8. d5
Na6 9. Nd4 Bd7 10. Rb1 c6 11. b3 Nc7 12. Bb2 c5 13. Ne6 Bxe6 14. dxe6 Rb8 15.
Bd5 b5 16. cxb5 Nfxd5 17. Nxd5 Nxd5 18. Bxg7 Kxg7 19. Qxd5 Rxb5 20. Rbc1 Qa8
21. Qc4 Qb7 22. Rfd1 Rf6 23. Rxd6 Rb4 24. Qxc5 exd6 25. Qxd6 Kh6 26. Rc7 Qe4
27. Qe7 Qb1+ 28. Kg2 Qe4+ 1/2-1/2

[Event "Bad Woerishofen op"]
[Site "?"]
[Date "2003.??.??"]
[Round "9"]
[White "Bischoff, Dieter"]
[Black "Heinicke, Wenke"]
[Result "0-1"]
[WhiteElo "2212"]
[BlackElo "2064"]
[Annotator "ChessOrg"]
[PlyCount "96"]

1. d4 d6 2. c4 g6 3. Nc3 Bg7 4. e4 Nf6 5. h3 O-O 6. Bg5 Na6 7. Bd3 e5 8. d5 Nc5
9. Bc2 a5 10. a3 h6 11. Be3 Nh5 12. g3 Qe8 13. Qd2 Kh7 14. Nge2 f5 15. exf5
Bxf5 16. Bxc5 dxc5 17. Ne4 Qf7 18. N2c3 b6 19. O-O-O Nf6 20. Qe2 Bxe4 21. Bxe4
Ne8 22. d6 Rd8 23. dxc7 Rxd1+ 24. Rxd1 Nxc7 25. h4 Qxf2 26. Qxf2 Rxf2 27. Rd6
Rf6 28. Rxf6 Bxf6 29. h5 Ne6 30. Bxg6+ Kg7 31. Nd5 Bd8 32. Kd1 Nf8 33. Be4 Kf7
34. Ne3 Bg5 35. Nd5 Bd8 36. Bf5 Ne6 37. Bxe6+ Kxe6 38. g4 e4 39. b3 Ke5 40. Kc2
b5 41. Kc3 b4+ 42. axb4 axb4+ 43. Kc2 Kd4 44. Kd2 e3+ 45. Ke2 Bg5 46. Nb6 Kc3
47. Na4+ Kxb3 48. Nxc5+ Kxc4 0-1

[Event "Bad Woerishofen op"]
[Site "?"]
[Date "2003.??.??"]
[Round "9"]
[White "Mueller, Manfred"]
[Black "Reichwald, Klaus-Dieter"]
[Result "1-0"]
[WhiteElo "2153"]
[BlackElo "2027"]
[Annotator "ChessOrg"]
[PlyCount "91"]

1. e4 d6 2. d4 Nf6 3. Nc3 g6 4. Nf3 Bg7 5. h3 O-O 6. Bg5 c6 7. Bc4 b5 8. Bd3 b4
9. Ne2 Nbd7 10. e5 dxe5 11. dxe5 Nd5 12. Nf4 Nxe5 13. Nxe5 Bxe5 14. Nxd5 cxd5
15. Rb1 Bg7 16. O-O f6 17. Be3 Qd6 18. h4 f5 19. f4 h5 20. Qd2 Bb7 21. Qf2 d4
22. Bd2 Bd5 23. b3 Rfc8 24. Rfe1 Bf6 25. Bc1 a5 26. a4 Rd8 27. Bb2 Qc5 28. Re2
Rac8 29. Rbe1 Be4 30. Qg3 Kh7 31. Rxe4 fxe4 32. Bxe4 Rg8 33. Bd3 Rg7 34. Qf3
Rf8 35. Bc1 Kg8 36. g3 Qc8 37. Re2 Qg4 38. Qf2 Bxh4 39. Bc4+ Kh7 40. Kh2 Rf6
41. gxh4 Rd6 42. Qg3 Qf5 43. Bd3 Qc5 44. Qf3 Kg8 45. Qa8+ Kh7 46. Re5 1-0

[Event "Bad Woerishofen op"]
[Site "?"]
[Date "2003.??.??"]
[Round "9"]
[White "Wirfs, Joachim"]
[Black "Schlierf, Andre"]
[Result "0-1"]
[WhiteElo "1727"]
[BlackElo "2107"]
[Annotator "ChessOrg"]
[PlyCount "100"]

1. d4 f5 2. Nf3 Nf6 3. Bf4 e6 4. h3 b6 5. e3 Bb7 6. Nbd2 d6 7. Bc4 Qe7 8. O-O
h6 9. Re1 g5 10. Bh2 Bg7 11. c3 O-O 12. b4 Nbd7 13. Qb3 Rfe8 14. Rad1 Nf8 15.
a4 Ng6 16. Qa2 Qf7 17. Bb3 g4 18. hxg4 fxg4 19. d5 e5 20. e4 Rf8 21. Nxe5 Nxe5
22. Bxe5 Nh5 23. Nc4 dxe5 24. Nxe5 Qf6 25. Nxg4 Qg5 26. Ne3 Nf4 27. Rf1 Be5 28.
g3 Nh3+ 29. Kg2 Nxf2 30. Rxf2 Qxg3+ 31. Kf1 Qxe3 32. Re1 Rxf2+ 33. Qxf2 Qxf2+
34. Kxf2 Kf8 35. c4 Ke7 36. Rd1 c5 37. bxc5 bxc5 38. Rb1 Rf8+ 39. Kg2 Rg8+ 40.
Kh1 Bc8 41. Bd1 Rg6 42. Rb5 Bd4 43. Bh5 Rb6 44. Ra5 a6 45. e5 Bxe5 46. Rxc5 Bd7
47. Kg2 Kd6 48. Ra5 Bd4 49. Kf3 Bc5 50. Ke4 Bb4 0-1

[Event "Bad Woerishofen op"]
[Site "?"]
[Date "2003.??.??"]
[Round "9"]
[White "Fries, Werner"]
[Black "Ring, Gregor"]
[Result "0-1"]
[WhiteElo "1612"]
[BlackElo "1978"]
[Annotator "ChessOrg"]
[PlyCount "88"]

1. e4 d6 2. Bc4 Nf6 3. Nc3 c6 4. Nf3 b5 5. Bd3 Bg4 6. a3 Nbd7 7. Be2 Nc5 8. d3
e5 9. Be3 Ne6 10. d4 Qc7 11. d5 Bxf3 12. dxe6 Bxe2 13. exf7+ Kxf7 14. Qxe2 Be7
15. f4 Rhf8 16. O-O Kg8 17. Rad1 a5 18. Bc1 Rab8 19. b4 axb4 20. axb4 Nd7 21.
f5 Nb6 22. Qg4 Nc4 23. Rd3 Bf6 24. Rff3 Rfd8 25. Rh3 Qf7 26. Rdg3 d5 27. Rh5
Qa7+ 28. Kf1 d4 29. Nd1 Qa1 30. Qh3 Qxc1 31. Rd3 Ne3+ 32. Ke2 Nxd1 33. Rxd1
Qxc2+ 34. Ke1 Qxe4+ 35. Kf1 d3 36. Qf3 Qxf3+ 37. gxf3 Rd4 38. Rh3 Rbd8 39. Rg3
h6 40. Rg2 Bg5 41. Ke1 Rxb4 42. Ra2 c5 43. Kf2 c4 44. Kg3 c3 0-1

[Event "Bad Woerishofen op"]
[Site "?"]
[Date "2003.??.??"]
[Round "9"]
[White "Mathes, Christian"]
[Black "Prigge, Joerg"]
[Result "1/2-1/2"]
[WhiteElo "1317"]
[BlackElo "1543"]
[Annotator "ChessOrg"]
[PlyCount "24"]

1. d4 d5 2. c4 Bf5 3. Nc3 c6 4. Nf3 Nf6 5. e3 e6 6. Bd3 Bxd3 7. Qxd3 dxc4 8.
Qxc4 Be7 9. O-O O-O 10. Bd2 Nbd7 11. Rac1 Nb6 12. Qe2 Nbd5 1/2-1/2

[Event "Bad Woerishofen op"]
[Site "?"]
[Date "2003.??.??"]
[Round "9"]
[White "Ries, Berthold"]
[Black "Bergmann, Thomas"]
[Result "1/2-1/2"]
[WhiteElo "2087"]
[BlackElo "1753"]
[Annotator "ChessOrg"]
[PlyCount "52"]

1. e4 c5 2. f4 Nc6 3. Nf3 e6 4. Bb5 Nge7 5. Nc3 a6 6. Bxc6 Nxc6 7. O-O Be7 8.
Kh1 O-O 9. d3 d6 10. Qe1 Bd7 11. Qg3 Kh8 12. Qh3 Nd4 13. Nxd4 cxd4 14. Ne2 e5
15. Qg3 f6 16. c4 Rc8 17. b4 Be6 18. a4 Qd7 19. f5 Bg8 20. Bd2 b5 21. cxb5 axb5
22. a5 d5 23. exd5 Bxd5 24. Qe1 Rc2 25. Ng3 Rfc8 26. Qe2 Bxb4 1/2-1/2

[Event "Bad Woerishofen op"]
[Site "?"]
[Date "2003.??.??"]
[Round "9"]
[White "Steinhardt, Stefan"]
[Black "Gajewski, Richard"]
[Result "1/2-1/2"]
[WhiteElo "2230"]
[BlackElo "1780"]
[Annotator "ChessOrg"]
[PlyCount "91"]

1. e4 e6 2. d4 b6 3. Nc3 Bb7 4. f4 Bb4 5. Bd3 f5 6. Qe2 Qh4+ 7. g3 Qg4 8. Qxg4
fxg4 9. Nge2 Ne7 10. h3 gxh3 11. Rxh3 d5 12. exd5 Bxd5 13. Bd2 Bxc3 14. Nxc3 c6
15. O-O-O Nd7 16. Re1 Kf7 17. Ne4 Bxe4 18. Bxe4 Rac8 19. Bf3 Nf6 20. g4 h6 21.
Be2 Rhe8 22. g5 Nfg8 23. Bh5+ g6 24. Bg4 Nf5 25. Bxf5 exf5 26. Rxe8 Rxe8 27.
gxh6 Nf6 28. c4 Rh8 29. Bc3 Ne4 30. d5 Nxc3 31. bxc3 cxd5 32. cxd5 Ke7 33. c4
Kd6 34. h7 Kc5 35. a4 a6 36. Kc2 b5 37. cxb5 axb5 38. axb5 Kxb5 39. d6 Kc6 40.
Rh6 Kxd6 41. Rxg6+ Kd5 42. Rh6 Ke4 43. Rh4 Kf3 44. Kd3 Kg3 45. Rh1 Kxf4 46. Ke2
1/2-1/2

[Event "Bad Woerishofen op"]
[Site "?"]
[Date "2003.??.??"]
[Round "9"]
[White "Beckmann, Klaus"]
[Black "Vonach, Bernhard"]
[Result "1/2-1/2"]
[WhiteElo "2191"]
[BlackElo "2050"]
[Annotator "ChessOrg"]
[PlyCount "118"]

1. e4 e5 2. Nf3 Nc6 3. Bb5 a6 4. Bxc6 bxc6 5. d4 exd4 6. Qxd4 Ne7 7. Nc3 Ng6 8.
h4 h5 9. Bg5 f6 10. Bd2 Qe7 11. O-O-O Qc5 12. Qd3 Qd6 13. Qe3 Qc5 14. Qe2 Ne5
15. Bf4 d6 16. Be3 Qc4 17. Nxe5 Qxe2 18. Nxe2 fxe5 19. Bg5 Be7 20. Bxe7 Kxe7
21. Rd3 Rf8 22. f3 Be6 23. b3 a5 24. a4 Rab8 25. c4 Rb4 26. Kd2 Rfb8 27. Nc1 g6
28. Re1 Kf6 29. Ke3 g5 30. hxg5+ Kxg5 31. g3 Rf8 32. Rh1 Rbb8 33. Rd2 Rh8 34.
Rdh2 Bf7 35. f4+ exf4+ 36. gxf4+ Kf6 37. Rg1 Rbg8 38. Rhg2 Rxg2 39. Rxg2 Rg8
40. Rxg8 Bxg8 41. Nd3 Bf7 42. Kd4 c5+ 43. Ke3 h4 44. Nf2 Bh5 45. Kd3 c6 46. Ke3
h3 47. e5+ dxe5 48. fxe5+ Kxe5 49. Nxh3 Bd1 50. Nf2 Bxb3 51. Nd3+ Kd6 52. Nb2
Bc2 53. Kd2 Bg6 54. Nd3 Bxd3 55. Kxd3 Ke5 56. Ke3 Kf5 57. Kf3 Kg5 58. Ke3 Kf5
59. Kf3 Ke5 1/2-1/2

[Event "Bad Woerishofen op"]
[Site "?"]
[Date "2003.??.??"]
[Round "9"]
[White "Willin, Bernhard"]
[Black "Schuster, Gerhard"]
[Result "0-1"]
[WhiteElo "2005"]
[BlackElo "2151"]
[Annotator "ChessOrg"]
[PlyCount "66"]

1. Nf3 d5 2. d4 Nf6 3. c4 e6 4. g3 dxc4 5. Qa4+ Nbd7 6. Qxc4 c5 7. e3 a6 8.
dxc5 Bxc5 9. Bg2 b5 10. Qe2 Bb7 11. O-O O-O 12. b3 Qb6 13. Bb2 Ne4 14. Na3 Rfd8
15. Nc2 b4 16. Bd4 a5 17. Nd2 Nxd2 18. Qxd2 Bxg2 19. Kxg2 Ne5 20. Qe2 Qb7+ 21.
f3 Bxd4 22. Nxd4 Rd5 23. Rac1 h5 24. Rc2 h4 25. Rfc1 Rd7 26. Rc5 Qb8 27. gxh4
Ng6 28. Kh3 Rxd4 29. Rc8+ Qxc8 30. Rxc8+ Rxc8 31. Qa6 Rxh4+ 32. Kg3 Rc5 33. f4
Rch5 0-1

[Event "Bad Woerishofen op"]
[Site "?"]
[Date "2003.??.??"]
[Round "9"]
[White "Gerhards, Walter"]
[Black "Ragsch, Klaus"]
[Result "1-0"]
[WhiteElo "2140"]
[BlackElo "1890"]
[Annotator "ChessOrg"]
[PlyCount "100"]

1. e4 e5 2. Nf3 Nf6 3. Nxe5 d6 4. Nf3 Nxe4 5. d4 d5 6. Bd3 Be7 7. c4 c6 8. O-O
O-O 9. Qc2 f5 10. Ne5 Nd7 11. f3 Nxe5 12. dxe5 Nc5 13. cxd5 Nxd3 14. Qxd3 cxd5
15. Be3 f4 16. Bd4 Bf5 17. Qb3 b6 18. Nc3 Be6 19. Rfd1 Qd7 20. Rd2 Rac8 21.
Rad1 Rc4 22. Kh1 Rfc8 23. a3 Kf7 24. Ne2 g5 25. Rf1 Kg7 26. Qd1 Qe8 27. Bc3 Qg6
28. Nd4 Bxa3 29. Nxe6+ Qxe6 30. Rxd5 Be7 31. Qd3 R4c7 32. h3 Qg6 33. Qd2 Kh6
34. Rd1 Qe6 35. Kh2 a6 36. Bb4 Kh5 37. Bxe7 Rxe7 38. Re1 Rc6 39. Qd4 b5 40. b3
Kh4 41. g3+ Kh5 42. g4+ Kg6 43. Rd1 Kf7 44. Rd2 Qg6 45. Rd7 Qe6 46. Rxe7+ Qxe7
47. Qe4 Rc7 48. Qxh7+ Kf8 49. Qf5+ Kg7 50. Rd6 Qf7 1-0

[Event "Bad Woerishofen op"]
[Site "?"]
[Date "2003.??.??"]
[Round "9"]
[White "Lamberger, Werner"]
[Black "Damm, Fabian"]
[Result "1/2-1/2"]
[WhiteElo "2048"]
[BlackElo "2130"]
[Annotator "ChessOrg"]
[PlyCount "59"]

1. Nf3 Nf6 2. c4 g6 3. Nc3 Bg7 4. e4 d6 5. d4 O-O 6. Be2 e5 7. d5 Nh5 8. O-O
Nf4 9. Be3 Nd7 10. b4 Nf6 11. Nd2 Nxe2+ 12. Qxe2 Nh5 13. Rac1 a5 14. a3 Nf4 15.
Bxf4 exf4 16. Nb3 axb4 17. axb4 Qg5 18. Qd2 Ra3 19. h4 Qxh4 20. Nd4 Bxd4 21.
Qxd4 f3 22. Qe3 fxg2 23. Kxg2 Qg4+ 24. Qg3 Qxg3+ 25. fxg3 Re8 26. c5 Bd7 27.
cxd6 cxd6 28. Rf6 Rd8 29. Rxd6 Bh3+ 30. Kxh3 1/2-1/2

[Event "Bad Woerishofen op"]
[Site "?"]
[Date "2003.??.??"]
[Round "9"]
[White "Schmitt, Karl"]
[Black "Dintheer, Willi"]
[Result "1/2-1/2"]
[WhiteElo "1829"]
[BlackElo "2098"]
[Annotator "ChessOrg"]
[PlyCount "23"]

1. d4 Nf6 2. Nf3 e6 3. e3 b6 4. Bd3 Ba6 5. O-O Be7 6. c4 O-O 7. b3 d5 8. Bb2
Nc6 9. a3 Na5 10. Nbd2 Bb7 11. b4 Nxc4 12. Nxc4 1/2-1/2

[Event "Bad Woerishofen op"]
[Site "?"]
[Date "2003.??.??"]
[Round "9"]
[White "Behl, Torsten"]
[Black "Bienhuels, Franz-Josef"]
[Result "1/2-1/2"]
[WhiteElo "2094"]
[BlackElo "1927"]
[Annotator "ChessOrg"]
[PlyCount "73"]

1. e4 c5 2. Nf3 a6 3. c4 e6 4. Nc3 Qc7 5. d4 cxd4 6. Nxd4 Nf6 7. Be2 b6 8. Be3
d6 9. O-O Bb7 10. f3 Nbd7 11. Qd2 Be7 12. Rac1 O-O 13. Rfe1 Rac8 14. Bf1 Qb8
15. Qf2 Bd8 16. Nc2 Kh8 17. Nb4 Bc7 18. g3 Qa8 19. Bh3 Bd8 20. b3 Nc5 21. Red1
Be7 22. Nd3 Nxd3 23. Rxd3 Nd7 24. Rdd1 f5 25. f4 Nc5 26. Bxc5 bxc5 27. exf5
exf5 28. Bg2 Bf6 29. Bxb7 Qxb7 30. Qg2 Bd4+ 31. Kf1 Qxg2+ 32. Kxg2 Rfe8 33. Kf1
Re3 34. Nd5 Rf3+ 35. Kg2 Rf2+ 36. Kh3 Re8 37. Re1 1/2-1/2

[Event "Bad Woerishofen op"]
[Site "?"]
[Date "2003.??.??"]
[Round "9"]
[White "Stierle, Martin"]
[Black "Wiesbeck, Florian"]
[Result "1/2-1/2"]
[WhiteElo "2088"]
[BlackElo "1882"]
[Annotator "ChessOrg"]
[PlyCount "23"]

1. d4 d5 2. Nf3 Nf6 3. g3 Bg4 4. Bg2 e6 5. O-O Nbd7 6. c4 c6 7. Nbd2 Be7 8. b3
O-O 9. Bb2 Re8 10. Qc2 Bf5 11. Qd1 h6 12. Ne5 1/2-1/2

[Event "Bad Woerishofen op"]
[Site "?"]
[Date "2003.??.??"]
[Round "9"]
[White "Hipp, Hermann"]
[Black "Pitl, Jarno"]
[Result "1/2-1/2"]
[WhiteElo "1864"]
[BlackElo "2073"]
[Annotator "ChessOrg"]
[PlyCount "98"]

1. d4 Nf6 2. Nf3 d6 3. g3 g6 4. Bg2 Bg7 5. O-O O-O 6. b3 Nbd7 7. Bb2 c5 8. dxc5
Nxc5 9. Nbd2 Bg4 10. h3 Bd7 11. e3 Rc8 12. Rc1 b5 13. a3 Qb6 14. Qe2 Rc7 15.
Rfd1 Rfc8 16. Bf1 Nfe4 17. Bxg7 Kxg7 18. c4 b4 19. Nxe4 Nxe4 20. axb4 Qxb4 21.
Qb2+ Kg8 22. Rd4 Nc5 23. Nd2 Ba4 24. Qc3 Qxc3 25. Rxc3 Bd7 26. b4 Ne6 27. Rd5
Rb8 28. Rb3 Nd8 29. b5 Rb6 30. Rdd3 Ne6 31. Ra3 Nc5 32. Rdc3 Bc8 33. Ra5 a6 34.
Rca3 axb5 35. Rxb5 Ra6 36. Rba5 Kg7 37. g4 Rca7 38. Rxa6 Rxa6 39. Rxa6 Bxa6 40.
Kg2 Kf6 41. f4 Ke6 42. Kf2 Na4 43. e4 Kd7 44. Ke3 Kc6 45. Kd4 f6 46. e5 Nc5 47.
exf6 exf6 48. Bg2+ Kd7 49. Bd5 Ne6+ 1/2-1/2

[Event "Bad Woerishofen op"]
[Site "?"]
[Date "2003.??.??"]
[Round "9"]
[White "Burkhardt, Wilfried"]
[Black "Wachweger, Albrecht"]
[Result "1-0"]
[WhiteElo "2062"]
[BlackElo "1850"]
[Annotator "ChessOrg"]
[PlyCount "95"]

1. d4 Nf6 2. Nf3 g6 3. c4 c5 4. e3 Bg7 5. Nc3 O-O 6. Be2 d6 7. O-O a6 8. d5 Bg4
9. h3 Bxf3 10. Bxf3 Qa5 11. Bd2 Nbd7 12. Qc2 Rfc8 13. a4 Qd8 14. e4 a5 15. Be2
Ne8 16. Nb5 Nc7 17. Bc3 f6 18. f4 Nf8 19. Rad1 Nxb5 20. axb5 b6 21. b3 Rc7 22.
Bf3 Nd7 23. Rfe1 Rca7 24. Ra1 Qf8 25. Bg4 Kh8 26. Be6 Qd8 27. Kh1 Qe8 28. Bg4
Bh6 29. g3 Bg7 30. Bd1 Qf8 31. Kg2 Qf7 32. Ra2 h6 33. Qe2 g5 34. Kh1 Rf8 35.
Qf3 gxf4 36. gxf4 e5 37. f5 Rg8 38. Rg1 Bf8 39. Rag2 Rxg2 40. Rxg2 Bg7 41. Be2
Ra8 42. Qg3 Rg8 43. Qh4 Bf8 44. Bh5 Qe7 45. Bg6 Qg7 46. Qh5 Nb8 47. Rg4 Nd7 48.
Bf7 1-0

[Event "Bad Woerishofen op"]
[Site "?"]
[Date "2003.??.??"]
[Round "9"]
[White "Martino-Gross, Peter"]
[Black "Harting, Andreas"]
[Result "0-1"]
[WhiteElo "2053"]
[BlackElo "1841"]
[Annotator "ChessOrg"]
[PlyCount "64"]

1. c4 c5 2. Nc3 Nc6 3. Nf3 Nf6 4. g3 g6 5. Bg2 Bg7 6. O-O O-O 7. d4 cxd4 8.
Nxd4 Qc7 9. Ndb5 Qd8 10. Bf4 d6 11. Qd2 a6 12. Na3 Bf5 13. h3 h5 14. Rfd1 Qa5
15. Nc2 Rfd8 16. Ne3 Be6 17. a3 Rd7 18. b4 Qd8 19. Rac1 Rc8 20. Bg5 Nh7 21.
Ned5 Nxg5 22. Qxg5 Ne5 23. Na4 Nxc4 24. Rxc4 Rxc4 25. Ndb6 Rdc7 26. Nxc4 Bxc4
27. Nc5 Qc8 28. Qf4 Bxe2 29. Bd5 Bf6 30. Ne4 Bxd1 31. Nxf6+ exf6 32. Qxf6 Bc2
0-1

[Event "Bad Woerishofen op"]
[Site "?"]
[Date "2003.??.??"]
[Round "9"]
[White "Wagner, Franz"]
[Black "Edel, Thomas"]
[Result "0-1"]
[WhiteElo "1806"]
[BlackElo "2052"]
[Annotator "ChessOrg"]
[PlyCount "56"]

1. e4 c5 2. d3 Nc6 3. Nf3 g6 4. g3 Bg7 5. Bg2 e6 6. O-O Nge7 7. Re1 O-O 8. h4
d5 9. Nbd2 b5 10. c3 b4 11. e5 a5 12. a3 Ba6 13. Nf1 bxc3 14. bxc3 a4 15. Bg5
h6 16. Bf4 Qa5 17. Qd2 Kh7 18. N1h2 d4 19. h5 Qxc3 20. hxg6+ fxg6 21. Bxh6 Bxh6
22. Ng5+ Bxg5 23. Qxg5 Rf5 24. Qh4+ Kg7 25. Ng4 Rh8 26. Nh6 Rxh6 27. Qg4 Nxe5
28. Qd1 Qxd3 0-1

[Event "Bad Woerishofen op"]
[Site "?"]
[Date "2003.??.??"]
[Round "9"]
[White "Pimmingstorfer, Christian"]
[Black "Sakowski, Christian"]
[Result "1/2-1/2"]
[WhiteElo "2050"]
[BlackElo "1722"]
[Annotator "ChessOrg"]
[PlyCount "134"]

1. f4 b6 2. Nf3 Bb7 3. e3 Nf6 4. Be2 g6 5. O-O Bg7 6. d3 d6 7. Nc3 Nbd7 8. Qe1
e6 9. e4 c5 10. a4 a6 11. Qg3 Qc7 12. f5 e5 13. Ng5 Nf8 14. fxg6 hxg6 15. Bd2
Qe7 16. Rf2 Ne6 17. Raf1 Nd4 18. Bd1 O-O-O 19. Nh3 Ne6 20. Nd5 Bxd5 21. exd5
Nf8 22. Ng5 Kb8 23. c4 a5 24. Be2 Rd7 25. Ne4 Nxe4 26. dxe4 f6 27. Qb3 Rb7 28.
Bg4 g5 29. g3 Ka7 30. Qb5 Ng6 31. Bf5 Qf7 32. Be3 Ne7 33. Bg4 Qg6 34. Bf5 Qe8
35. Ra1 Qxb5 36. axb5 Kb8 37. Kg2 Ng8 38. Rh1 Re7 39. Ra1 Ra7 40. b3 Kc7 41.
Rfa2 Ne7 42. Bg4 Raa8 43. Bd2 Rhb8 44. b4 cxb4 45. Bxb4 Rb7 46. Rd1 Ng8 47. Ba3
Rd8 48. Rh1 Nh6 49. Be6 Rbb8 50. g4 Rh8 51. Rf2 Ng8 52. Bc1 Ne7 53. Be3 Ng6 54.
Bxg5 Rbf8 55. Be3 Bh6 56. Bxh6 Rxh6 57. Kg3 Nf4 58. h4 Rfh8 59. h5 R8h7 60.
Rxf4 exf4+ 61. Kxf4 Rg7 62. Bf5 Rg8 63. Rf1 Rhh8 64. Bg6 Rf8 65. Kf5 Kd7 66.
Rh1 Rh6 67. Re1 Rhh8 1/2-1/2

[Event "Bad Woerishofen op"]
[Site "?"]
[Date "2003.??.??"]
[Round "9"]
[White "Plank, Peter"]
[Black "Schrinner, Stefan"]
[Result "1/2-1/2"]
[WhiteElo "2083"]
[BlackElo "1688"]
[Annotator "ChessOrg"]
[PlyCount "88"]

1. e4 e5 2. Nf3 d6 3. d4 exd4 4. Nxd4 Bd7 5. Nc3 Nc6 6. Bc4 Nf6 7. Bf4 Be7 8.
f3 Nxd4 9. Qxd4 Be6 10. O-O-O O-O 11. g4 Bxc4 12. Qxc4 Nd7 13. Kb1 Nb6 14. Qe2
Qe8 15. h4 Bf6 16. Nd5 Nxd5 17. Rxd5 Qe6 18. Qh2 Rfe8 19. Bg5 c6 20. Rxd6 Qe7
21. Bxf6 gxf6 22. Qf4 Rad8 23. Rhd1 Rxd6 24. Qxd6 Kg7 25. h5 a6 26. c4 Qe5 27.
c5 Qg5 28. b4 Qe3 29. Qd3 Qf2 30. Rd2 Qg1+ 31. Kc2 a5 32. Qd4 Qg3 33. Rd3 axb4
34. Qxb4 Re5 35. Kb3 Qg1 36. Qd4 Qb1+ 37. Ka3 Qc1+ 38. Kb4 Qb1+ 39. Rb3 Qxa2
40. f4 Re6 41. g5 Qe2 42. h6+ Kf8 43. Qd8+ Re8 44. Qd6+ Kg8 1/2-1/2

[Event "Bad Woerishofen op"]
[Site "?"]
[Date "2003.??.??"]
[Round "9"]
[White "Teich, Udo"]
[Black "Boettcher, Ulrich"]
[Result "1/2-1/2"]
[WhiteElo "2104"]
[BlackElo "2023"]
[Annotator "ChessOrg"]
[PlyCount "49"]

1. e4 e6 2. d4 d5 3. exd5 exd5 4. Nf3 Nf6 5. Bd3 Bd6 6. O-O O-O 7. Nc3 c6 8. h3
h6 9. Bd2 Re8 10. Ne2 Nbd7 11. c4 Nf8 12. Rc1 Be6 13. b3 a6 14. Qc2 Rc8 15.
Rfe1 Ba3 16. Rcd1 Bd6 17. Nc3 Bb8 18. Bf5 Qd7 19. Bxe6 Rxe6 20. Rxe6 Nxe6 21.
c5 Re8 22. Re1 Nf4 23. Bxf4 Rxe1+ 24. Nxe1 Bxf4 25. Nd3 1/2-1/2

[Event "Bad Woerishofen op"]
[Site "?"]
[Date "2003.??.??"]
[Round "9"]
[White "Glas, Stefan"]
[Black "Schwarz, Gerd"]
[Result "1-0"]
[WhiteElo "2096"]
[BlackElo "1748"]
[Annotator "ChessOrg"]
[PlyCount "41"]

1. e4 e5 2. Nf3 Nc6 3. Nc3 Nf6 4. d4 exd4 5. Nxd4 Bb4 6. Nxc6 bxc6 7. Bd3 d5 8.
e5 Ng4 9. O-O Qh4 10. Bf4 Be6 11. Qf3 h5 12. Ne2 Bd2 13. Bg3 Qe7 14. Nd4 Bd7
15. e6 fxe6 16. Bxc7 Qg5 17. Rad1 Rf8 18. Qe2 Bf4 19. Nxe6 Bxe6 20. Qxe6+ Qe7
21. Bg6+ 1-0

[Event "Bad Woerishofen op"]
[Site "?"]
[Date "2003.??.??"]
[Round "9"]
[White "Friedrich, Wolfgang"]
[Black "Holuba, Stefan"]
[Result "1-0"]
[WhiteElo "2079"]
[BlackElo "1737"]
[Annotator "ChessOrg"]
[PlyCount "63"]

1. e4 e5 2. Bc4 Nf6 3. Qe2 Bc5 4. Nf3 d6 5. d3 Bg4 6. h3 Bh5 7. c3 Nc6 8. g4
Bg6 9. b4 Bb6 10. a4 a5 11. b5 Ne7 12. Bg5 Nd7 13. Nh4 O-O 14. Nxg6 hxg6 15. h4
Nf6 16. Bxf6 gxf6 17. Qf3 Nc8 18. Nd2 c6 19. Ke2 cxb5 20. axb5 Qe7 21. Bd5 Bd8
22. Nc4 Nb6 23. Ne3 Nd7 24. Rag1 Nc5 25. g5 Ne6 26. gxf6 Qxf6 27. Qxf6 Bxf6 28.
Bxb7 Ra7 29. Bc6 a4 30. Nd5 Bg7 31. h5 gxh5 32. Nf6+ 1-0

[Event "Bad Woerishofen op"]
[Site "?"]
[Date "2003.??.??"]
[Round "9"]
[White "Wallhof, Dieter"]
[Black "Sanna, Giuseppe"]
[Result "1/2-1/2"]
[WhiteElo "2079"]
[BlackElo "1647"]
[Annotator "ChessOrg"]
[PlyCount "22"]

1. d4 d6 2. c4 Nd7 3. Nc3 Ngf6 4. e4 e5 5. d5 Be7 6. Bd3 Nc5 7. f3 a5 8. Be3
O-O 9. Nge2 b6 10. a4 Nxd3+ 11. Qxd3 Nd7 1/2-1/2